000 02449nam0a2200433 4500
001 RU\NLR\BIBL_A\022130969
005 20240418170700.0
010 _a978-5-907723-79-5
_91000
021 _aRU
_bКН-П-23-081671
_9КН-П-23-8284
035 _a(NLR Aleph) 022130969
035 _a(RuMoRGB)012453574
090 _a12835077
_c12835077
100 _a20240207d2023 k y0rusy50 ca
101 0 _arus
102 _aRU
105 _aa j 000yy
181 0 _ai
_baxxe
182 0 _an
200 1 _aЦифровая трансформация системы дополнительного профессионального образования
_eколлективная монография
_fШерайзина Роза Моисеевна, Алексеева Ольга Вячеславовна, Воднева Светлана Николаевна [и др.]
_gпредисловие, отв. ред.: Нагорнова Анна Юрьевна
_gЗебра [издательство]
203 _aТекст
_bвизуальный
_cнепосредственный
210 _aУльяновск
_cЗебра
_d2023
215 _a82 с.
_cил., табл.
_d20
300 _aАвт. указаны на обороте тит. с.
300 _aНа 80-81-й с. авт.: Шерайзина Р. М. - д-р пед. наук, проф., Алексеева О. В. - канд. пед. наук, Воднева С. Н. - канд. пед. наук, доц. [и др.]
320 _aБиблиогр. в конце разд.
606 1 _aПрофессиональное образование дистанционное
_2nlr_sh2
_3RU\NLR\AUTH\661470199
610 0 _aинформатизация образования
675 _a37.018.43:004.7(082)
_v4
686 1 _aЧ451.231
701 1 _aШерайзина
_bР. М.
_gРоза Моисеевна
701 1 _aАлексеева
_bО. В.
_cканд. пед. наук
_gОльга Вячеславовна
_3RU\NLR\AUTH\770264407
701 1 _aВоднева
_bС. Н.
_gСветлана Николаевна
702 1 _aНагорнова
_bА. Ю.
_cканд. пед. наук
_gАнна Юрьевна
_3RU\NLR\AUTH\770180554
_4340
712 0 2 _a"Зебра", издательство
_cУльяновск
_3RU\NLR\AUTH\880422013
_4475
942 _cBOOK
980 _aNB